[Event "GER-ch U14"]
[Site "Willingen"]
[Date "2023.06.03"]
[Round "9"]
[White "Dordevic, Tom"]
[Black "Dyachuk, Artem"]
[Result "1-0"]
[WhiteElo "2068"]
[BlackElo "2312"]
[PlyCount "61"]
[EventDate "2023.05.27"]
[EventType "swiss"]
[EventRounds "9"]
[EventCountry "GER"]
[SourceTitle "CBM 214 Extra"]
[Source "ChessBase"]
[SourceDate "2023.07.31"]
[SourceVersion "1"]
[SourceVersionDate "2023.07.31"]
[SourceQuality "1"]

1. d4 Nf6 2. Nf3 e6 3. Bf4 d5 4. e3 Bd6 5. Bg3 0-0 6. Nbd2 c5 7. c3 Nc6 8. Bd3 b6 9. Ne5 Bb7 10. 0-0 Ne7 11. Qf3 Ng6 12. Rfe1 Rc8 13. Rad1 Bb8 14. Qe2 cxd4 15. exd4 Nxe5 16. dxe5 Nd7 17. Qh5 g6 18. Qh3 Qe8 19. Nf3 Kg7 20. Bf4 Rh8 21. Bh6+ Kg8 22. Bb5 Bc6 23. Ba6 Rc7 24. Nd4 Nc5 25. Qh4 f5 26. exf6 Rf7 27. b4 Ba4 28. bxc5 Bxd1 29. Rxe6 Qa4 30. Bb5 Rf8 31. f7+ 1-0

[Event "GER-ch U12"]
[Site "Willingen"]
[Date "2022.06.11"]
[Round "9"]
[White "Polzin, Gustav"]
[Black "Dordevic, Tom"]
[Result "0-1"]
[WhiteElo "1658"]
[BlackElo "1771"]
[PlyCount "114"]
[EventDate "2022.06.04"]
[EventType "swiss"]
[EventRounds "9"]
[EventCountry "GER"]
[SourceTitle "CBM 208 Extra"]
[Source "ChessBase"]
[SourceDate "2022.07.31"]
[SourceVersion "1"]
[SourceVersionDate "2022.07.31"]
[SourceQuality "1"]

1. e4 c6 2. d4 d5 3. Nc3 dxe4 4. Nxe4 Bf5 5. Ng3 Bg6 6. Nf3 e6 7. h4 h6 8. Bd3 Bxd3 9. Qxd3 Nd7 10. Bd2 Ngf6 11. 0-0-0 Be7 12. Rde1 Qc7 13. h5 0-0-0 14. Kb1 Rhe8 15. Re2 Bd6 16. Ne4 Nxe4 17. Rxe4 Nf6 18. Ree1 Kb8 19. Qe2 Nd7 20. Bc3 a6 21. Rh4 f6 22. Re4 Nf8 23. Nh4 Qf7 24. Nf5 Bc7 25. Bb4 Rd5 26. g4 Red8 27. Bxf8 exf5 28. Re8 Rxd4 29. gxf5 Be5 30. Rxd8+ Rxd8 31. Bc5 Qd7 32. Qg4 Qd2 33. Rg1 Qf4 34. Qxg7 Qf3 35. Rc1 Qxf5 36. Bb6 Rc8 37. Rd1 Qxh5 38. Qd7 Qe8 39. Qf5 Qf8 40. f4 Bc7 41. Bc5 Rd8 42. Rh1 Qg7 43. a3 Rd5 44. Qe6 Rxc5 45. Qe8+ Ka7 46. c4 Rxc4 47. Rd1 Qg4 48. Rd7 Qg1+ 49. Ka2 Qb6 50. Qe7 Rc2 51. Qxf6 Bxf4 52. Rd3 Bg5 53. Qe5 Rc5 54. Qg7 Rd5 55. Rb3 Rb5 56. Rg3 Qf2 57. Rg4 Bf6 0-1

[Event "GER-chT U12"]
[Site "Naumburg Saale"]
[Date "2022.03.26"]
[Round "3.2"]
[White "Torosyan, Bagrat"]
[Black "Dordevic, Tom"]
[Result "1/2-1/2"]
[WhiteElo "1695"]
[BlackElo "1671"]
[PlyCount "45"]
[EventDate "2022.03.25"]
[EventType "team-swiss"]
[EventRounds "6"]
[EventCountry "GER"]
[SourceTitle "EXT 2023"]
[Source "ChessBase"]
[SourceDate "2022.10.05"]
[SourceVersion "1"]
[SourceVersionDate "2022.10.05"]
[SourceQuality "1"]
[WhiteTeam "Lichtenberg Borussia"]
[BlackTeam "Duesseldorf SV"]
[WhiteTeamCountry "GER"]
[BlackTeamCountry "GER"]

1. e4 c5 2. Nf3 e6 3. d4 cxd4 4. Nxd4 a6 5. Bd3 Bc5 6. Nb3 Ba7 7. Qe2 d6 8. Be3 Nf6 9. Bxa7 Rxa7 10. Nc3 Nc6 11. 0-0 0-0 12. Rad1 Qe7 13. a4 Rd8 14. Rd2 Qc7 15. Rfd1 e5 16. Bc4 Ne7 17. h3 Ng6 18. Bd5 Nf4 19. Qe3 Ra8 20. Qf3 Rb8 21. a5 Bd7 22. Kh2 h6 23. Ne2 1/2-1/2

[Event "GER-chT U14"]
[Site "Willingen"]
[Date "2021.06.24"]
[Round "1.6"]
[White "Dordevic, Tom"]
[Black "Freude, Max"]
[Result "0-1"]
[WhiteElo "1556"]
[BlackElo "1806"]
[PlyCount "74"]
[EventDate "2021.06.23"]
[EventType "team-swiss"]
[EventRounds "7"]
[EventCountry "GER"]
[SourceTitle "EXT 2022"]
[Source "ChessBase"]
[SourceDate "2021.10.06"]
[SourceVersion "1"]
[SourceVersionDate "2021.10.06"]
[SourceQuality "1"]
[WhiteTeam "Duesseldorf SV"]
[BlackTeam "Berlin Empor"]
[WhiteTeamCountry "GER"]
[BlackTeamCountry "GER"]

1. d4 Nf6 2. Bf4 d5 3. e3 c5 4. c3 Nc6 5. Nd2 Bf5 6. Ngf3 e6 7. Bb5 Be7 8. Ne5 Qb6 9. Qa4 Rc8 10. 0-0 0-0 11. Bxc6 bxc6 12. Ndf3 a5 13. h3 Rfd8 14. Bg5 h6 15. Bh4 g5 16. dxc5 Qxc5 17. Bg3 Ne4 18. Bh2 f6 19. Ng4 Kg7 20. Bg3 Bxg4 21. hxg4 Nxg3 22. Nd4 Qd6 23. fxg3 c5 24. Nf3 Qxg3 25. Qxa5 e5 26. Qa7 Kf8 27. Rae1 e4 28. Nh2 Rc7 29. Qa6 Kf7 30. Rf2 Bd6 31. Nf1 Qxg4 32. Nh2 Qe6 33. Qf1 Bg3 34. Ree2 Bxf2+ 35. Rxf2 Kg6 36. Ng4 Qxg4 37. Rxf6+ Kg7 0-1

[Event "Dortmund Sparkassen op-B 47th"]
[Site "Dortmund"]
[Date "2019.07.20"]
[Round "8"]
[White "Dordevic, Tom"]
[Black "Althoff, Ralph"]
[Result "0-1"]
[WhiteElo "1555"]
[BlackElo "1983"]
[PlyCount "120"]
[EventDate "2019.07.13"]
[EventType "swiss"]
[EventRounds "9"]
[EventCountry "GER"]
[SourceTitle "CBM 192 Extra"]
[Source "Chessbase"]
[SourceDate "2019.11.06"]
[SourceVersion "1"]
[SourceVersionDate "2019.11.06"]
[SourceQuality "1"]

1. e4 c5 2. Nf3 g6 3. d4 cxd4 4. Nxd4 Nc6 5. Nc3 Bg7 6. Be3 Nf6 7. Nxc6 bxc6 8. e5 Ng8 9. f4 Nh6 10. Qd2 Nf5 11. Bf2 0-0 12. 0-0-0 Qa5 13. Bc4 d5 14. exd6 Nxd6 15. Bb3 Bg4 16. Rde1 Rfd8 17. Ne4 Bxb2+ 18. Kb1 Qxd2 19. Nxd2 Bc3 20. Kc1 Nf5 21. Ne4 Bxe1 22. Rxe1 Nd6 23. Nc3 Kf8 24. h3 Be6 25. Bxe6 fxe6 26. Rxe6 Kf7 27. Re1 a6 28. g4 Rab8 29. Bh4 Rd7 30. Na4 Rb5 31. Nc3 Rb4 32. Bg3 Nc4 33. Ne4 Na3 34. Nc3 Nc4 35. Ne4 Rdb7 36. Nc3 Rb2 37. Re4 Na3 38. Re2 e6 39. Bf2 R2b4 40. Bc5 Rc4 41. Bxa3 Rxc3 42. Bb2 Rxh3 43. Be5 h6 44. Re4 Rg3 45. Ra4 Ra7 46. Rc4 Rxg4 47. Rxc6 g5 48. fxg5 Rxg5 49. Bd4 Ra8 50. Rc7+ Kg6 51. Rc6 Kf5 52. Be3 Rh5 53. Rb6 Rh1+ 54. Kb2 h5 55. Rc6 h4 56. Rc4 Rh8 57. Ra4 h3 58. Rxa6 h2 59. Ra5+ e5 60. Bd4 Re1 0-1